LEADER 02330nam0 2200421 i 450 001 TO00059635 005 20251003044401.0 010 $a8820476142 020 $aIT$b92-4850 100 $a19930112d1992 ||||0itac50 ba 101 | $aita 102 $ait 181 1$6z01$ai $bxxxe 182 1$6z01$an 200 1 $aSettori e regioni nell'economia italiana verso il 2000$fa cura di Paolo Costa 210 $aMilano$cAngeli$d©1992 215 $a277 p.$d22 cm 225 | $aConsiglio nazionale delle ricerche, Progetto finalizzato Struttura ed evoluzione dell'economia italiana$i. Sottoprogetto 1, Analisi della struttura economica$v8 410 0$1001CFI0163069$12001 $aConsiglio nazionale delle ricerche, Progetto finalizzato Struttura ed evoluzione dell'economia italiana$i. Sottoprogetto 1, Analisi della struttura economica$v8$171201$aConsiglio nazionale delle ricerche$b : Progetto finalizzato Struttura ed evoluzione dell'economia italiana$3CFIV084676 606 $aItalia$xEconomia$xPrevisioni$2FIR$3CFIC003059$9I 676 $a330.945$9ECONOMIA - Situazioni e condizioni economiche - Italia$v14 676 $a330.945092$9SITUAZIONI E CONDIZIONI ECONOMICHE. ITALIA. 1946-$v21 676 $a330.9450929$9SITUAZIONE E CONDIZIONI ECONOMICHE. ITALIA. 1990-$v20 696 $aPrevisione$aEconomia reale$aAttivitą economiche$aAspetti economici 699 $aPrevisioni$zPrevisione 699 $aEconomia$yEconomia reale 699 $aEconomia$zAttivitą economiche 699 $aEconomia$zAspetti economici 702 1$aCosta$b, Paolo$f <1943- >$3BVEV015415 801 3$aIT$bIT-000000$c19930112 850 $aIT-BN0095 $aIT-NA0457 901 $bNAP BI$cSALA 3 $nLibri da 1597 a 3785 901 $bNAP 01$cPOZZO LIB.$nVi sono collocati fondi di economia, periodici di ingegneria e scienze, periodici di economia e statistica e altri fondi comprendenti documenti di economia pervenuti in dono. 912 $aTO00059635 950 0$aBiblioteca Centralizzata di Ateneo$c1 v.$d 01POZZO LIB.ECON MON 7971$e 0101 0000086825E VMA 1 v. (Precedente collocazione: Guerrazzi B 152)$fB $h20070913$i20070913 977 $a 01$a BI 996 $aSettori e regioni nell'economia italiana verso il 2000$967503 997 $aUNISANNIO